000 00455nam a2200169Ia 4500
008 240510s9999 xx 000 0 und d
041 _aEng
082 _a519.213
082 _bG25
100 _aGEORGE, Aleyamma, UNNITHAN, T.K.S., SOORYANARAYANA PILLAI, S.
245 0 _aTables of distribution of inter-live-birth intervals
260 _c0
300 _a150 p.
650 _aStatistics : Probability distributions
942 _2ddc
942 _cLBK
999 _c23450
_d23450
945 _a1
_bMadushi Gamage
_c1
_dMadushi Gamage